00883nam a22001937a 450000500170000000800430001702000150006005000230007510000220009824501170012025000340023726000600027130000230033144000500035450001630040465000410056765000300060865000510063820211104094440.0211104b mx ||||| |||| 00| 0 spa d a968163415204aHQ767.87bP65 20041 aPollock, Linda A.14aLos niños olvidados : brelaciones entre padres e hijos de 1500 a 1900c/ Linda A Pollock; Agustín Bárcena a1a ed. cuarta reimpresión.  aMéxico, D.F. :bFondo de Cultura Económica, c2004. a368 p. : c23 cm.  aBiblioteca de psicología y psicoanálisis. aTítulo original: Forgotten children : parent-child relations from 1500 to 1900. Revision of the author's thesis (doctoral)--University of St. Andrews, 1981. 72Lemb aOpinión públicaxHistoria 72Lemb aNiños xHistoria 72Lemb aNiñosxHistoriaxOpinión pública